Countries with a Life Expectancy of Less Than 60 Years - Statistics

General Stats
  • This quiz has been taken 149 times
  • The average score is 19 of 24
Answer Stats
Age Country % Correct
55.35 Somalia
90%
58.66 Democratic Republic of the Congo
89%
51.56 Chad
87%
52.75 Nigeria
87%
57.99 Mali
86%
52.27 Angola
84%
55.03 Mozambique
82%
55.68 South Sudan
81%
59.66 Togo
81%
57.50 Zimbabwe
81%
58.73 Guinea
79%
49.70 Lesotho
79%
56.69 Burundi
78%
50.88 Sierra Leone
78%
58.47 Uganda
78%
59,51 Benin
77%
55.16 Guinea-Bissau
76%
50.66 Central African Republic
75%
58.59 Burkina Faso
72%
48.93 Swaziland
71%
55.49 Cameroon
69%
57.65 Equatorial Guinea
67%
51.56 Ivory Coast
64%
57.18 South Africa
59%
No matching quizzes found
Score Distribution
Percent of People with Each Score
Percentile by Number Answered
Your Score History
You have not taken this quiz